000 00448nam a22001577a 4500
082 _a510
_bCRO
_cL-2, P-44
100 _aCrosland , L.
_938834
245 _aRevision Mathematics
_cL. Crosland
250 _a1st
260 _aMartin,s Street London.:
_bMacmillan and Co Limited
_c1946
300 _aviii,254 p.
_bill.
_c18 cm.
526 _a0
_b0
_c0
_d510_000000000000000_CRO
650 _aMCE
_9379
650 _aRevision
_938835
942 _2ddc
_cBK
999 _c543467
_d543467